000 00591nam a2200169 i 4500
001 60114
003 ES-MaACL
005 20250811144052.0
007 t|
008 031103s1966 sp ||||1| spa d
245 0 0 _aEsclava del Sacramento y de la Caridad
_b: Santa Mª Micaela del Santísimo Sacramento /
_cA.M. Larraona ... [et al.].
260 _aMadrid :
_b[s.n.,
_c1966] (
_fEscuelas Profesionales Sagrado Corazón)
300 _a285 p., 1 lám. ;
_c23 cm.
700 1 _aLarraona, Arcadio María,
_cCardenal
_970318
852 _aES-MaACL
_jC-30471
_bR.60961
999 _c60114
_d60114